Valtioiden muotoja lipuilla #5 - Statistics

Yleistilastot
  • Tätä visaa on pelattu 943 kertaa
  • Keskiarvotulos 12 / 16
Vastaustilastot
Kuvavisa Vastaus % Oikein
Turkki
99%
Saksa
98%
Belgia
94%
Somalia
89%
Serbia
87%
Qatar
83%
Venezuela
80%
Algeria
79%
Filippiinit
77%
Angola
72%
Monaco
69%
Costa Rica
65%
Haiti
63%
Sambia
63%
Oman
52%
Belize
51%
Ehtoja vastaavia visoja ei löytynyt
Tulosjakauma
Jokaisen tuloksen saaneiden osuus
Persentiili vastausten määrän mukaan
Tuloshistoriasi
Et ole pelannut tätä visaa